Statistics for Speed Country Writing in 60 seconds

Click here to take the quiz!

General Stats

  • This quiz has been taken 36 times
  • The average score is 13 of 20

Answer Stats

HintAnswer% Correct
barbBarbados
100%
myMyanmar
100%
palaPalau
93%
romaRomania
93%
UKUkraine
90%
tonTonga
83%
maltMalta
70%
netNetherlands
70%
banBangladesh
63%
cameCameroon
63%
canCanada
60%
finFinland
60%
germGermany
60%
chinChina
53%
guyGuyana
53%
jamJamaica
53%
portPortugal
53%
cabCabo Verde
27%
marshMarshall Islands
27%
panPanama
27%

Score Distribution

Percentile by Number Answered

Percent of People with Each Score

Your Score History

You have not taken this quiz